Statistiken für Sechs-Buchstaben-Geographie

Klicken Sie hier um das Quiz zu spielen!

Allgemein

  • Dieses Quiz wurde 2.976 mal gespielt
  • Das Durchschnittsergebnis liegt bei 15 aus 24

Antwortstatistiken

BeschreibungAntwort% Korrekt
Hauptstadt von EnglandLondon
97%
US-amerikanische WährungDollar
96%
Namensgeberin der Stadt AthenAthene
94%
Bevölkerungsreichste Stadt AustraliensSydney
93%
Hauptstadt von IrlandDublin
93%
Land, in dem der Eyjafjallajökull liegtIsland
90%
Berühmter Kanal in MittelamerikaPanama
85%
Grösster US-Staat nach FlächeAlaska
79%
Heiligster Fluss der HindusGanges
77%
Mediterrane InselnationZypern
76%
Auch bekannt als 'Republik China'Taiwan
72%
Hauptstadt KolumbiensBogotá
71%
Land, das vom Senegal umgeben wirdGambia
69%
Kanadische ProvinzQuébec
56%
Grösstes afrikanisches Land, das
portugiesisch spricht
Angola
54%
Der älteste und tiefste See der WeltBaikal
47%
Kleinstes Land PolynesiensTuvalu
39%
Die Hauptstadt von ^Luanda
36%
Grösste Stadt in NeuenglandBoston
36%
Dieses Land umgibt die DardanellenTürkei
35%
Seine HaupstadtBanjul
28%
Grösste Stadt KasachstansAlmaty
23%
Bis 2016 bekannt als 'Dnipropetrowsk'Dnipro
20%
Längster Fluss SüdafrikasOranje
14%

Verteilung der Resultate

Perzentil nach korrekt beantworteten Fragen

Anzahl Personen mit jedem Resultat

Ihre Resultats-Entwicklung

Sie haben dieses Quiz noch nicht gespielt